000 01064cab a2200253 4500
001 ABS55708
008 090401t1996 xxu||||| |||| 00| 0 eng d
035 _a(Sirsi) u18216
041 _aeng
245 _aRestrictions on tenants` right to assign
260 _c1996
350 _a0
490 _aProperty Week
_v56(7) 16 August 1996, 16-17(2)
520 _aDiscusses the recommendations of the ABI`s Working Party on the Landlord and Tenant (Covenants) Act 1995 concerning restrictions on assignment of leases. These include the withholding of consent of assignment to associated companies, the need for prove by assignee of his/her sufficient financial standing, diminution in value of landlord`s interest and where the assignee is a non-UK resident.
650 _aABI WORKING PARTY
650 _aASSIGNMENT
650 _aLANDLORD AND TENANT (COVENANTS) ACT 1995
650 _aLEASES
650 _aNON-RESIDENT ASSIGNEE
650 _aWITHHOLDING CONSENT
690 _aLANDLORD AND TENANT-BUSINESS TENANCIES
942 _n0
948 _c04/03/1997
999 _c12086
_d12086